[Event "BI-2012-F-00020"]
[Site "LSS email"]
[Date "2013.02.15"]
[Round "?"]
[White "Hughes, Chris"]
[Black "Villamizar, Alexander"]
[Result "1-0"]
[WhiteElo "821"]
[BlackElo "915"]
[PlyCount "37"]
[EventDate "2013.02.20"]
[EventType "tourn (corr)"]
[EventRounds "10"]
[EventCountry "GER"]
[SourceTitle "Corr 2015"]
[Source "ChessBase"]
[SourceDate "2015.07.17"]
[SourceVersion "1"]
[SourceVersionDate "2015.07.17"]
[SourceQuality "1"]

1. d4 Nf6 2. c4 g6 3. Nc3 Bg7 4. e4 d6 5. Nf3 0-0 6. Be2 e5 7. 0-0 Nc6 8. d5 Ne7 9. Ne1 Ne8 10. Be3 f5 11. f3 f4 12. Bf2 Nf6 13. c5 g5 14. Rc1 Qe8 15. cxd6 cxd6 16. Nb5 Qd8 17. Nxa7 Bd7 18. Qb3 h5 19. Qb6 1-0

[Event "CP-2012-P-00032"]
[Site "LSS email"]
[Date "2012.10.01"]
[Round "?"]
[White "Villamizar, Alexander"]
[Black "Endean, Andrew"]
[Result "0-1"]
[WhiteElo "915"]
[BlackElo "1583"]
[PlyCount "44"]
[EventDate "2012.10.05"]
[EventType "tourn (corr)"]
[EventRounds "6"]
[EventCountry "GER"]
[SourceTitle "Telechess CBM 159"]
[Source "ChessBase"]
[SourceDate "2014.03.17"]
[SourceVersion "1"]
[SourceVersionDate "2014.03.17"]
[SourceQuality "1"]

1. d4 Nf6 2. c4 e6 3. Nf3 d5 4. Nc3 c6 5. Bg5 h6 6. Bh4 dxc4 7. a4 Bb4 8. e3 b5 9. axb5 cxb5 10. Be2 Bb7 11. 0-0 a6 12. Qc2 Nbd7 13. Ne5 Qc7 14. Bxf6 gxf6 15. Nf3 f5 16. Rfd1 Rg8 17. Kf1 Nf6 18. h3 Ne4 19. Rac1 Nxf2 20. Kxf2 Qg3+ 21. Kf1 Be4 22. Nxe4 Qxg2# 0-1

[Event "CP-2012-P-00032"]
[Site "LSS email"]
[Date "2012.10.01"]
[Round "?"]
[White "Villamizar, Alexander"]
[Black "Sherwood, Russell"]
[Result "0-1"]
[WhiteElo "915"]
[BlackElo "2179"]
[PlyCount "56"]
[EventDate "2012.10.05"]
[EventType "tourn (corr)"]
[EventRounds "6"]
[EventCountry "GER"]
[SourceTitle "Telechess CBM 159"]
[Source "ChessBase"]
[SourceDate "2014.03.17"]
[SourceVersion "1"]
[SourceVersionDate "2014.03.17"]
[SourceQuality "1"]

1. d4 d5 2. c4 c6 3. Nf3 Nf6 4. Nc3 e6 5. Bg5 h6 6. Bh4 dxc4 7. a4 b5 8. axb5 cxb5 9. Nxb5 Qb6 10. Nc3 Qxb2 11. Qc1 Ba3 12. Bxf6 gxf6 13. Na2 c3 14. g3 Bb7 15. Bg2 Qxc1+ 16. Nxc1 Bb2 17. Rb1 Be4 18. Nd3 Bxd3 19. exd3 Na6 20. 0-0 Rb8 21. Ne1 Nb4 22. Bf3 c2 23. Nxc2 Nxc2 24. Rfd1 Nxd4 25. Bg2 Ne2+ 26. Kh1 Nc3 27. Re1 Nxb1 28. Rxb1 a5 0-1

[Event "LSS No Engine Cup 65 Preliminary 7"]
[Site "LSS email"]
[Date "2012.05.06"]
[Round "?"]
[White "Hammerschmidt, Volker"]
[Black "Villamizar, Alexander"]
[Result "1-0"]
[WhiteElo "1826"]
[BlackElo "988"]
[PlyCount "55"]
[EventDate "2012.05.07"]
[EventType "tourn (corr)"]
[EventRounds "6"]
[EventCountry "GER"]
[SourceTitle "Telechess CBM 153"]
[Source "ChessBase"]
[SourceDate "2013.03.14"]
[SourceVersion "1"]
[SourceVersionDate "2013.03.14"]
[SourceQuality "1"]

1. c4 Nf6 2. d4 d6 3. Nf3 g6 4. g3 Bg7 5. Bg2 0-0 6. Nc3 Bg4 7. h3 Bf5 8. g4 Bd7 9. Be3 c6 10. Nd2 e5 11. dxe5 dxe5 12. Qb3 Qc7 13. Nde4 Nxe4 14. Nxe4 Na6 15. Rd1 Rad8 16. Bxa7 b5 17. Qe3 Ra8 18. Bb6 Qc8 19. cxb5 cxb5 20. 0-0 Be6 21. Nd6 Qd7 22. Nf5 Qe8 23. Nxg7 Kxg7 24. Bxa8 Qxa8 25. Qxe5+ Kg8 26. Bd4 f6 27. Qxe6+ Kg7 28. Bxf6+ 1-0

[Event "LSS No Engine Cup 65 Preliminary 7"]
[Site "LSS email"]
[Date "2012.05.06"]
[Round "?"]
[White "Villamizar, Alexander"]
[Black "Jaszczowski, Zdzislaw"]
[Result "1-0"]
[WhiteElo "988"]
[BlackElo "907"]
[PlyCount "97"]
[EventDate "2012.05.07"]
[EventType "tourn (corr)"]
[EventRounds "6"]
[EventCountry "GER"]
[SourceTitle "Telechess CBM 153"]
[Source "ChessBase"]
[SourceDate "2013.03.14"]
[SourceVersion "1"]
[SourceVersionDate "2013.03.14"]
[SourceQuality "1"]

1. d4 d5 2. c4 Bf5 3. Qb3 b6 4. cxd5 Nf6 5. Nc3 c6 6. f3 cxd5 7. e4 dxe4 8. Bb5+ Nbd7 9. Bg5 exf3 10. Nxf3 e6 11. Ne5 Be7 12. Bxf6 0-0 13. Bxe7 Qxe7 14. 0-0 Nxe5 15. dxe5 Qc5+ 16. Kh1 Qxe5 17. Rae1 Qd4 18. Rd1 Qh4 19. Ne2 g6 20. Ng3 Rad8 21. Rc1 Rd4 22. Nxf5 exf5 23. Rc7 Rf4 24. Rd1 a5 25. g3 Qg4 26. gxf4 Qxf4 27. Rdc1 Qe4+ 28. Kg1 Qg4+ 29. Qg3 Qd4+ 30. Qf2 Qg4+ 31. Qg2 Qb4 32. a4 Rd8 33. Rc8 Qd4+ 34. Kh1 Kg7 35. Rxd8 Qxd8 36. Bc4 f4 37. Qd5 Qf6 38. Qxf7+ Qxf7 39. Bxf7 Kxf7 40. Rc6 g5 41. Rxb6 f3 42. Kg1 h5 43. Rb5 Kf6 44. Rxa5 h4 45. h3 g4 46. hxg4 h3 47. Rf5+ Kg6 48. Rxf3 h2+ 49. Kxh2 1-0

[Event "LSS No Engine Cup 64 Preliminary 6"]
[Site "LSS email"]
[Date "2012.04.21"]
[Round "?"]
[White "Csoma, Balint"]
[Black "Villamizar, Alexander"]
[Result "0-1"]
[WhiteElo "1029"]
[BlackElo "988"]
[PlyCount "22"]
[EventDate "2012.04.22"]
[EventType "tourn (corr)"]
[EventRounds "6"]
[EventCountry "GER"]
[SourceTitle "Corr 2015"]
[Source "ChessBase"]
[SourceDate "2015.07.17"]
[SourceVersion "1"]
[SourceVersionDate "2015.07.17"]
[SourceQuality "1"]

1. Nf3 Nf6 2. c4 g6 3. Nc3 Bg7 4. g3 d6 5. Bg2 0-0 6. d4 Nbd7 7. 0-0 e5 8. e4 Nb6 9. dxe5 dxe5 10. Qe2 Re8 11. Be3 Bg4 0-1

[Event "LSS No Engine Cup 64 Preliminary 6"]
[Site "LSS email"]
[Date "2012.04.21"]
[Round "?"]
[White "Lewis, Jerome A"]
[Black "Villamizar, Alexander"]
[Result "0-1"]
[WhiteElo "1083"]
[BlackElo "988"]
[PlyCount "80"]
[EventDate "2012.04.22"]
[EventType "tourn (corr)"]
[EventRounds "6"]
[EventCountry "GER"]
[SourceTitle "Telechess CBM 153"]
[Source "ChessBase"]
[SourceDate "2013.03.14"]
[SourceVersion "1"]
[SourceVersionDate "2013.03.14"]
[SourceQuality "1"]

1. d4 Nf6 2. Nc3 g6 3. Bg5 Bg7 4. f3 d5 5. Qd2 0-0 6. g4 Be6 7. Nh3 Na6 8. e4 dxe4 9. Nxe4 Nxe4 10. fxe4 Bxd4 11. 0-0-0 Bf6 12. Bxf6 exf6 13. Be2 Qe7 14. a3 Rfd8 15. Qc3 Nc5 16. e5 f5 17. gxf5 Bxf5 18. Nf2 a6 19. h4 Re8 20. Rd5 Ne4 21. Nxe4 Bxe4 22. Bf3 Bxd5 23. Bxd5 c6 24. Bf3 Qxe5 25. Qxe5 Rxe5 26. Rd1 Rae8 27. b3 Re1 28. Rxe1 Rxe1+ 29. Kd2 Re5 30. b4 f5 31. Kd3 Kg7 32. c4 h6 33. a4 g5 34. hxg5 hxg5 35. b5 g4 36. Bg2 axb5 37. cxb5 cxb5 38. axb5 Rxb5 39. Ke3 Kf6 40. Kf4 Rb4+ 0-1

[Event "LSS No Engine Cup 64 Preliminary 6"]
[Site "LSS email"]
[Date "2012.04.21"]
[Round "?"]
[White "Villamizar, Alexander"]
[Black "Jenneborg, Seved"]
[Result "0-1"]
[WhiteElo "988"]
[BlackElo "1686"]
[PlyCount "46"]
[EventDate "2012.04.22"]
[EventType "tourn (corr)"]
[EventRounds "6"]
[EventCountry "GER"]
[SourceTitle "Telechess CBM 153"]
[Source "ChessBase"]
[SourceDate "2013.03.14"]
[SourceVersion "1"]
[SourceVersionDate "2013.03.14"]
[SourceQuality "1"]

1. d4 d5 2. c4 c6 3. Nf3 Nf6 4. Nc3 dxc4 5. a4 Bf5 6. Ne5 Nbd7 7. Nxc4 Qc7 8. g3 e5 9. dxe5 Nxe5 10. Ne3 Rd8 11. Qb3 Be6 12. Qc2 Bb4 13. Bg2 0-0 14. 0-0 Rfe8 15. Bd2 Qa5 16. Rad1 Ned7 17. Ne4 Nxe4 18. Bxe4 Nf6 19. Bxb4 Qxb4 20. Rxd8 Rxd8 21. Rd1 Rxd1+ 22. Qxd1 Nxe4 23. Nc2 Qd2 0-1

[Event "BI-2012-P-00010"]
[Site "LSS email"]
[Date "2012.04.20"]
[Round "?"]
[White "Villamizar, Alexander"]
[Black "Mudra, Oldrich"]
[Result "0-1"]
[WhiteElo "983"]
[BlackElo "2072"]
[PlyCount "58"]
[EventDate "2012.04.22"]
[EventType "tourn (corr)"]
[EventRounds "10"]
[EventCountry "GER"]
[SourceTitle "Telechess CBM 165"]
[Source "ChessBase"]
[SourceDate "2015.03.11"]
[SourceVersion "1"]
[SourceVersionDate "2015.03.11"]
[SourceQuality "1"]

1. d4 Nf6 2. c4 e6 3. Nf3 d5 4. Bg5 Be7 5. Nc3 h6 6. Bh4 0-0 7. e3 b6 8. Rc1 Bb7 9. Bd3 dxc4 10. Bxc4 Nbd7 11. 0-0 a6 12. Bd3 b5 13. a3 c5 14. Re1 Qb6 15. Qe2 Bxf3 16. Qxf3 cxd4 17. Ne4 dxe3 18. Rxe3 Rfd8 19. Bb1 Ne5 20. Qg3 Nxe4 21. Bxe4 Rac8 22. Rec3 Bxh4 23. Qxh4 Rc4 24. Rxc4 bxc4 25. Qf4 Qxb2 26. h3 Qxa3 27. Rb1 Qc5 28. Qh4 Qd4 29. g3 c3 0-1

[Event "BI-2012-P-00010"]
[Site "LSS email"]
[Date "2012.04.20"]
[Round "?"]
[White "Villamizar, Alexander"]
[Black "Pirttimaki, Mika"]
[Result "1/2-1/2"]
[WhiteElo "983"]
[BlackElo "1361"]
[PlyCount "59"]
[EventDate "2012.04.22"]
[EventType "tourn (corr)"]
[EventRounds "10"]
[EventCountry "GER"]
[SourceTitle "Telechess CBM 165"]
[Source "ChessBase"]
[SourceDate "2015.03.11"]
[SourceVersion "1"]
[SourceVersionDate "2015.03.11"]
[SourceQuality "1"]

1. d4 Nf6 2. c4 d6 3. Nc3 e5 4. dxe5 dxe5 5. Qxd8+ Kxd8 6. Bg5 Be7 7. 0-0-0+ Nfd7 8. Nf3 f6 9. Bh4 c6 10. e4 Kc7 11. Be2 g5 12. Bg3 h5 13. h3 h4 14. Bh2 Rd8 15. Nd4 Nf8 16. Nb3 Be6 17. g3 hxg3 18. Bxg3 Rxd1+ 19. Rxd1 Nbd7 20. h4 gxh4 21. Bxh4 Ng6 22. Bg3 Rh8 23. Kc2 b6 24. a3 Kb7 25. Nc1 a6 26. Nb3 Nc5 27. Nc1 Rd8 28. Rh1 Rh8 29. Rd1 Rd8 30. Rh1 1/2-1/2

[Event "LSS No Engine Cup 62 Preliminary 4"]
[Site "LSS email"]
[Date "2012.03.20"]
[Round "?"]
[White "Villamizar, Alexander"]
[Black "Ramazzotti, Carlo"]
[Result "1-0"]
[WhiteElo "986"]
[BlackElo "642"]
[PlyCount "51"]
[EventDate "2012.03.21"]
[EventType "tourn (corr)"]
[EventRounds "6"]
[EventCountry "GER"]
[SourceTitle "Telechess CBM 155"]
[Source "ChessBase"]
[SourceDate "2013.07.16"]
[SourceVersion "1"]
[SourceVersionDate "2013.07.16"]
[SourceQuality "1"]

1. d4 d5 2. c4 e6 3. Nf3 Nc6 4. Nc3 dxc4 5. e4 Bb4 6. Bxc4 Nf6 7. Bg5 0-0 8. e5 h6 9. exf6 hxg5 10. fxg7 Kxg7 11. h3 Qf6 12. 0-0 Rh8 13. Ne4 Qf4 14. Nexg5 Bd7 15. Qb3 b6 16. Bxe6 Nxd4 17. Nxd4 Qxd4 18. Bxd7 Qxd7 19. Qxb4 c5 20. Qf4 b5 21. Rfe1 b4 22. Rad1 Qa4 23. Qxf7+ Kh6 24. Rd6+ Kxg5 25. Re5+ Kh4 26. Qf4# 1-0

[Event "SN-2012-0-00426"]
[Site "LSS email"]
[Date "2012.03.16"]
[Round "?"]
[White "Zarrouk, Roustan"]
[Black "Villamizar, Alexander"]
[Result "0-1"]
[WhiteElo "306"]
[BlackElo "965"]
[PlyCount "32"]
[EventDate "2012.02.18"]
[EventType "tourn (corr)"]
[EventRounds "6"]
[EventCountry "GER"]
[SourceTitle "Corr 2015"]
[Source "ChessBase"]
[SourceDate "2015.07.17"]
[SourceVersion "1"]
[SourceVersionDate "2015.07.17"]
[SourceQuality "1"]

1. e4 e5 2. Nf3 Nc6 3. Bb5 Nf6 4. d3 d5 5. 0-0 Bg4 6. Re1 Be7 7. a3 dxe4 8. Nxe5 Bxd1 9. Rxd1 0-0 10. dxe4 Qxd1+ 11. Bf1 Qxc1 12. Nc4 Nd4 13. h4 Ne2+ 14. Kh2 Qxf1 15. Ncd2 Qg1+ 16. Kh3 Qh1# 0-1

[Event "RN-2012-0-00462"]
[Site "LSS email"]
[Date "2012.03.14"]
[Round "?"]
[White "Torfs, Gert"]
[Black "Villamizar, Alexander"]
[Result "0-1"]
[WhiteElo "845"]
[BlackElo "964"]
[PlyCount "94"]
[EventDate "2012.03.06"]
[EventType "tourn (corr)"]
[EventRounds "6"]
[EventCountry "GER"]
[SourceTitle "Telechess CBM 153"]
[Source "ChessBase"]
[SourceDate "2013.03.14"]
[SourceVersion "1"]
[SourceVersionDate "2013.03.14"]
[SourceQuality "1"]

1. e4 e5 2. f4 d5 3. exd5 e4 4. Nc3 Nf6 5. Qe2 Be7 6. d3 Bg4 7. Qe3 exd3 8. Bxd3 Nxd5 9. Nxd5 Qxd5 10. Nf3 Bxf3 11. Qxf3 Qxf3 12. gxf3 Nd7 13. Be3 0-0-0 14. Bf5 Kb8 15. 0-0-0 Nf6 16. Bd4 g6 17. Be4 Rhe8 18. f5 Nxe4 19. fxe4 Bg5+ 20. Kb1 Rxe4 21. Bxa7+ Kc8 22. Rxd8+ Kxd8 23. Rd1+ Kc8 24. fxg6 b6 25. g7 Re8 26. a3 Rg8 27. Re1 Kb7 28. Bxb6 cxb6 29. Rg1 Bh6 30. c4 f5 31. Kc2 Rxg7 32. Rxg7+ Bxg7 33. b4 Be5 34. h3 f4 35. Kd3 Bb2 36. a4 Ba3 37. b5 Kc7 38. Ke4 Bd6 39. Kf3 Kd7 40. Ke4 Bb8 41. Kf3 Kd6 42. Ke4 Kc5 43. Kd3 Kb4 44. Kd4 Kxa4 45. h4 h5 46. Ke4 Kb4 47. Kd5 f3 0-1